[Event "Bergamo Province-ch"]
[Site "Bergamo"]
[Date "2000.10.24"]
[Round "5"]
[White "Majo, Eduardo"]
[Black "Mangili, Riccardo"]
[Result "1-0"]
[WhiteElo "1477"]
[BlackElo "1563"]
[PlyCount "70"]
[EventDate "2000.09.26"]
[EventType "swiss"]
[EventRounds "6"]
[EventCountry "ITA"]
[SourceTitle "EXT 2024"]
[Source "ChessBase"]
[SourceDate "2023.10.10"]
[SourceVersion "1"]
[SourceVersionDate "2023.10.10"]
[SourceQuality "1"]

1. f4 d5 2. e3 Nc6 3. Nf3 Nf6 4. Bb5 a6 5. Bxc6+ bxc6 6. 0-0 e6 7. c3 Be7 8. Qa4 Bd7 9. Ne5 c5 10. Nxd7 Qxd7 11. Qc2 0-0 12. d3 Qb5 13. a4 Qb6 14. Nd2 Rab8 15. Nf3 Bd6 16. Qe2 Nd7 17. d4 cxd4 18. exd4 c5 19. a5 Qb7 20. dxc5 Nxc5 21. b4 Ne4 22. Bd2 Rfc8 23. Qd3 Rc4 24. Nd4 Rbc8 25. Rac1 Qa7 26. g3 h6 27. Kg2 Qc7 28. Ne2 h5 29. f5 h4 30. fxe6 fxe6 31. Nf4 Bxf4 32. Bxf4 Qe7 33. Be5 hxg3 34. hxg3 Qg5 35. Qf3 Qxe5 1-0